LEADER 02789nam1 2200409 i 450 001 SUN0072716 005 20091120120000.0 100 $a20091119f 1995 |0itac50 ba 101 $aita 102 $aIT 105 $a|||| ||||| 200 1 $aDopo la polvere$erilevazione degli interventi di recupero post-sismico del patrimonio archeologico, architettonico ed artistico delle regioni Campania e Basilicata danneggiato dal terremoto del 23 novembre 1980 e del 14 febbraio 1981 (anni 1985-1989)$fMinistero per i beni culturali e ambientali, Soprintendenza generale agli interventi post-sismici in Campania e Basilicata 210 $aRoma$cIstituto poligrafico e Zecca dello Stato$d1994 215 $a5 v.$d31 cm 463 \1$1001SUN0072717$12001 $a<<1: >>Relazione generale ed analisi tecnica 463 \1$1001SUN0072718$12001 $a<<2: >>Provincia di Avellino 463 \1$1001SUN0072719$12001 $a<<3: >>Province di Benevento, Caserta, Napoli 463 \1$1001SUN0072720$12001 $a<<4: >>Provincia di Salerno 463 \1$1001SUN0072721$12001 $a<<5: >>Province di Matera, Potenza 606 $aMonumenti$xRestauro$xCampania$x1985-1989$2FI$3SUNC026838 606 $aOpere d'arte restaurate$xCampania$x1985-1989$2FI$3SUNC026839 606 $aMonumenti$xRestauro$xBasilicata$x1985-1989$2FI$3SUNC026840 606 $aOpere d'arte restaurate$xBasilicata$x1985-1989$2FI$3SUNC026841 620 $dRoma$3SUNL000360 676 $a720.94572$v21 710 02$aItalia : Soprintendenza generale agli interventi post-sismici in Campania e Basilicata$3SUNV023447$0492407 712 $aIstituto poligrafico e Zecca dello Stato$3SUNV000329$4650 791 02$aMinistero per i beni culturali e ambientali : Soprintendenza generale agli interventi post-sismici in Campania e Basilicata$zItalia : Soprintendenza generale agli interventi post-sismici in Campania e Basilicata$3SUNV023448 791 02$aItalia : Ministero per i beni culturali e ambientali : Soprintendenza generale agli interventi post-sismici in Campania e Basilicata$zItalia : Soprintendenza generale agli interventi post-sismici in Campania e Basilicata$3SUNV023449 791 02$aItalia : Soprintendenza generale agli interventi post-sismici in Campania e Basilicata$zItalia : Soprintendenza generale agli interventi post-sismici in Campania e Basilicata$3SUNV058136 801 $aIT$bSOL$c20181109$gRICA 899 $aBIBLIOTECA DEL DIPARTIMENTO DI ARCHITETTURA E DISEGNO INDUSTRIALE$1IT-CE0107$2SUN01 912 $aSUN0072716 950 $aBIBLIOTECA DEL DIPARTIMENTO DI ARCHITETTURA E DISEGNO INDUSTRIALE$e01 51222 995 $aBIBLIOTECA DEL DIPARTIMENTO DI ARCHITETTURA E DISEGNO INDUSTRIALE$bIT-CE0107$h51222$op$qa 996 $aDopo la polvere$9674666 997 $aUNICAMPANIA LEADER 03506nam 2200637Ia 450 001 9910462797603321 005 20211005154705.0 010 $a1-4081-9482-1 010 $a1-4081-6477-9 035 $a(CKB)2670000000361276 035 $a(MiAaPQ)EBC3003281 035 $a(MiAaPQ)EBC1164289 035 $a(MiAaPQ)EBC1187323 035 $a(Au-PeEL)EBL3003281 035 $a(CaPaEBR)ebr10682520 035 $a(CaONFJC)MIL603939 035 $a(OCoLC)836400716 035 $a(MiAaPQ)EBC6158679 035 $a(Au-PeEL)EBL1164289 035 $a(Au-PeEL)EBL6158679 035 $a(OCoLC)1151184829 035 $a(EXLCZ)992670000000361276 100 $a20090314d2009 uy 0 101 0 $aeng 135 $aurcn||||||||| 181 $ctxt$2rdacontent 182 $cc$2rdamedia 183 $acr$2rdacarrier 200 04$aThe UFO files$b[electronic resource] $ethe inside story of real-life sightings /$f[compiled by] David Clarke 205 $a1st ed. 210 $aKew, Richmond, Surrey, U.K. $cNational Archives$d2009 215 $a160 p. $cill 300 $a"Largely based upon the real-life accounts of UFO experiences recorded in files collected by Britain's Ministry of Defence (MoD), many of which are today held by the National Archives"--p. [7]. 311 $a1-4081-6489-2 320 $aIncludes bibliographical references (p. [152]-155) and index. 327 $aCover -- Contents -- Acknowledgements -- Introduction -- 1 Strange Lights in the Skies -- UFO FILE: Did Churchill order a UFO cover-up? -- 2 The Flying Saucer Age -- UFO FILE: 'Saucer Sam' -- 3 Cold War UFOs -- UFO FILE: All Balloony? -- 4 Close Encounters -- UFO FILE: A Visit from the Men in Black -- 5 Crop Circles and Alien Abductions -- UFO FILE: The Missing Files -- 6 Turn-of-the-Century UFOs -- UFO FILE: UFOs on Film -- 7 Closing the UFO Files -- UFO FILE: Their last Word on UFOs -- Afterword -- Appendix -- Notes and references -- Resources -- Index. 330 $aIn this remarkable book, fully updated for this second edition, David Clarke reveals an array of startling stories from possible UFO reports hidden among Met Office investigations of aerial phenomena in the 1920s to the conclusions of Project Condign, the secret British Intelligence UFO study completed in 2000.As well as covering Roswell and Britain's own Rendlesham Forest mystery, Clarke raids the records for dramatic stories of abductions and close encounters, ghost aircraft and crop circles, and UFO reports by both civilian aircrew and military personnel. Dramatic witness statements and interviews combine with rarely seen photographs, drawings and newly available documents to offer a unique guide to one of our most intriguing mysteries. 606 $aUnidentified flying objects$xSightings and encounters 606 $aUnidentified flying objects$xSightings and encounters$xHistory 606 $aCrop circles$zGreat Britain 606 $aAlien abduction$zGreat Britain 608 $aElectronic books. 615 0$aUnidentified flying objects$xSightings and encounters. 615 0$aUnidentified flying objects$xSightings and encounters$xHistory. 615 0$aCrop circles 615 0$aAlien abduction 676 $a001.942 701 $aClarke$b David$f1967-$01041500 712 02$aNational Archives (Great Britain) 801 0$bMiAaPQ 801 1$bMiAaPQ 801 2$bMiAaPQ 906 $aBOOK 912 $a9910462797603321 996 $aThe UFO files$92465050 997 $aUNINA LEADER 03256nam 2200685 a 450 001 9910457114903321 005 20200520144314.0 010 $a1-283-27767-0 010 $a9786613277671 010 $a0-520-94849-1 024 7 $a10.1525/9780520948495 035 $a(CKB)2550000000031029 035 $a(EBL)669817 035 $a(OCoLC)710974696 035 $a(SSID)ssj0000469073 035 $a(PQKBManifestationID)11973281 035 $a(PQKBTitleCode)TC0000469073 035 $a(PQKBWorkID)10507463 035 $a(PQKB)11691922 035 $a(MiAaPQ)EBC669817 035 $a(OCoLC)868222993 035 $a(MdBmJHUP)muse30822 035 $a(DE-B1597)520550 035 $a(OCoLC)712769731 035 $a(DE-B1597)9780520948495 035 $a(Au-PeEL)EBL669817 035 $a(CaPaEBR)ebr10455030 035 $a(CaONFJC)MIL327767 035 $a(EXLCZ)992550000000031029 100 $a20100924d2011 uy 0 101 0 $aeng 135 $aur|n|---||||| 181 $ctxt 182 $cc 183 $acr 200 14$aThe fall and rise of the wetlands of California's Great Central Valley$b[electronic resource] /$fPhilip Garone 210 $aBerkeley, Calif. ;$aLos Angeles, Calif. $cUniversity of California Press$d2011 215 $a1 online resource (443 p.) 225 1 $aThe Stephen Bechtel Fund imprint in ecology and the environment 300 $aDescription based upon print version of record. 311 $a0-520-26663-3 320 $aIncludes bibliographical references and index. 327 $apt. 1. Wetlands and waterfowl -- pt. 2. The fall -- pt. 3. The rise. 330 $aThis is the first comprehensive environmental history of California's Great Central Valley, where extensive freshwater and tidal wetlands once provided critical habitat for tens of millions of migratory waterfowl. Weaving together ecology, grassroots politics, and public policy, Philip Garone tells how California's wetlands were nearly obliterated by vast irrigation and reclamation projects, but have been brought back from the brink of total destruction by the organized efforts of duck hunters, whistle-blowing scientists, and a broad coalition of conservationists. Garone examines the many demands that have been made on the Valley's natural resources, especially by large-scale agriculture, and traces the unforeseen ecological consequences of our unrestrained manipulation of nature. He also investigates changing public and scientific attitudes that are now ushering in an era of unprecedented protection for wildlife and wetlands in California and the nation. 410 0$aStephen Bechtel Fund imprint in ecology and the environment. 606 $aWetland conservation$zCalifornia$zCentral Valley 606 $aWetlands$zCalifornia$zCentral Valley 607 $aCentral Valley (Calif. : Valley) 608 $aElectronic books. 615 0$aWetland conservation 615 0$aWetlands 676 $a333.91/8097945 700 $aGarone$b Philip$f1961-$01049297 801 0$bMiAaPQ 801 1$bMiAaPQ 801 2$bMiAaPQ 906 $aBOOK 912 $a9910457114903321 996 $aThe fall and rise of the wetlands of California's Great Central Valley$92478183 997 $aUNINA